[Event "Cto Equipos Aragon 2012 Preferente A"]
[Site "Aragon"]
[Date "2012.03.03"]
[Round "5.37"]
[White "Vera Aranjuelo Jesus Maria"]
[Black "Veras Sanz Marino"]
[Result "1/2-1/2"]
[WhiteElo "2040"]
[BlackElo "2037"]

1.d4 Nf6 2.Nf3 g6 3.Bf4 Bg7 4.e3 O-O 5.Be2 d6 6.O-O c5 7.c3 b6 8.h3 Nbd7 9.Bh2
Bb7 10.Nbd2 cxd4 11.cxd4 Rc8 12.Qa4 Bc6 13.Qa3 a5 14.Rfc1 Bb7 15.b4 axb4 16.
Qxb4 Nd5 17.Qb2 Nc5 18.a4 Ba6 19.Bxa6 Nxa6 20.Qb5 Ndb4 21.Rcb1 Nc2 22.Qxa6
Nxa1 23.Rxa1 Qc7 24.Rb1 Ra8 25.Qxb6 Qxb6 26.Rxb6 Rxa4 27.Bg3 Rc8 28.Rb7 Bf6
29.Ne4 Rc1+ 30.Kh2 d5 31.Nxf6+ exf6 32.Bd6 h6 33.g4 Rc2 34.Bg3 Ra3 35.Kg1 Ra1+
36.Kg2 Ra3 37.Rb8+ Kg7 38.Re8 Raa2 39.Ne1 Rd2 40.Kh2 Ra1 41.Nf3 Rc2 42.Kg2
Raa2 43.e4 dxe4 44.Rxe4 Ra3 45.d5 Rcc3 46.Ng1 Rd3 47.d6 Ra2 48.Nf3 Raa3 49.Nd4
Ra6 50.d7 Rxg3+ 51.Kxg3 Rd6 52.Nc6 Rxd7 53.Re7 Rd6 54.Nb8 g5 55.Rc7 Rb6 56.Nc6
Rb3+ 57.Kg2 Rd3 58.Ne7 Rd8 59.Rc8 Rd7 60.Nf5+ Kh7 61.Rc6 Kg6 62.Ng3 Re7 63.Rc8
Rb7 64.Nf5 Kh7 65.Kg3 Rb3+ 66.Kg2 Rb7 67.Kf1 h5 68.Kg2 hxg4 69.hxg4 Rb4 70.Kg3
Kg6 71.Rg8+ Kh7 72.Rg7+ Kh8 73.Rxf7 Rb6 74.Ne7 Rd6 75.Kf3 Re6 76.Kg2 Re4 77.
Rxf6 Rxe7 78.Rg6 Re5 79.Rf6 Kg7 80.Ra6 Re4 81.Kf3 Rf4+ 82.Kg3 Kh7 83.Rb6 Kg7
84.Rb3 Kg6 85.Rf3 Ra4 86.Rf5 Ra3+ 87.Kg2 Ra4 88.f3 Ra2+ 89.Kf1 Rb2 90.Re5 Ra2
91.Re6+ Kg7 92.Re2 Ra4 93.Kf2 Ra3 94.Rd2 Kg6 95.Rd6+ Kg7 96.Ke2 Rb3 97.Rd3 Rb4
98.Ke3 Rf4 99.Rd4 Rf6 100.Rd5 Kg6 101.Re5 Rf4 102.Ke2 Rf6 103.Re3 Rd6 104.Rd3
Re6+ 105.Kd2 Rf6 106.Ke3 Rf4 107.Rd6+ Kg7 108.Re6 Ra4 109.Re4 Ra3+ 110.Kf2 Kg6
111.Re6+ Kg7 112.Re5 Kg6 113.Rf5 Rb3 114.Ke2 Ra3 115.Re5 Rb3 116.Re6+ Kg7 117.
Re4 Kg6 118.Rd4 Ra3 119.Rd6+ Kg7 120.Rd3 Ra4 121.Kf2 Kg6 122.Rd6+ Kg7 123.Re6
Ra3 124.Re3 Ra2+ 125.Kg3 Ra4 126.Re4 Ra2 127.Re5 Kg6 128.Rf5 Rb2 129.f4 Rb3+
130.Kg2 gxf4 131.Rxf4 Kg5 1/2-1/2

[Event "Cto Equipos Aragon 2012 Preferente A"]
[Site "Aragon"]
[Date "2012.03.03"]
[Round "5.38"]
[White "Galve Guinea Alejandro"]
[Black "Alonso Fdez-Revuelta Rodrigo"]
[Result "1-0"]
[WhiteElo "2033"]
[BlackElo "2021"]

1.d4 d5 2.c4 c6 3.Nf3 Nf6 4.Nc3 dxc4 5.a4 Na6 6.e4 Bg4 7.Bxc4 e6 8.Qb3 Qb6 9.
Ne5 Qxb3 10.Bxb3 Bh5 11.f3 Nd7 12.Nc4 Nb6 13.Na5 O-O-O 14.Be3 Bb4 15.Nc4 c5
16.dxc5 Bxc5 17.Bxc5 Nxc5 18.Nxb6+ axb6 19.Bc4 Nd3+ 20.Bxd3 Rxd3 21.Ke2 Rhd8
22.Rhd1 Rxd1 23.Rxd1 Rxd1 24.Kxd1 f6 25.Kc2 Be8 26.Kd3 Kc7 27.Kd4 e5+ 28.Kc4
Bf7+ 29.Kb4 Kc6 30.Nd1 Be6 31.Ne3 g6 32.Ng4 Bxg4 33.fxg4 Kd6 34.Kc4 Ke6 35.b4
f5 36.gxf5+ gxf5 37.Kd3 f4 38.Kc4 Kd6 39.Kb5 Kc7 40.a5 bxa5 41.bxa5 Kb8 42.a6
bxa6+ 43.Kxa6 Kc7 44.Kb5 Kd6 45.Kb6 h6 46.h3 Ke6 47.Kc6 Kf6 48.Kd6 Kg5 49.Kxe5
h5 50.Kd4 Kh4 51.e5 Kg3 52.Ke4 h4 53.e6 Kxg2 54.Kxf4 Kxh3 55.Kf3 Kh2 56.e7 h3
57.e8=Q 1-0

[Event "Cto Equipos Aragon 2012 Preferente A"]
[Site "Aragon"]
[Date "2012.03.03"]
[Round "5.39"]
[White "Buil Montanes Carlos"]
[Black "Bailo Remacha Santiago"]
[Result "0-1"]
[WhiteElo "1924"]
[BlackElo "2027"]

1.d4 g6 2.Nf3 Bg7 3.e4 d6 4.c4 Nd7 5.Be2 e5 6.Nc3 Ne7 7.O-O O-O 8.Re1 f5 9.
dxe5 Nxe5 10.exf5 Bxf5 11.Nd4 Bd7 12.Bg5 h6 13.Bh4 g5 14.Bg3 c6 15.Ne4 d5 16.
Nc5 Qc8 17.Rc1 Kh8 18.Nxd7 Qxd7 19.Bxe5 Bxe5 20.Bg4 Qd6 21.Nf3 Bg7 22.Re6 Qf4
23.Rxe7 Qxg4 24.cxd5 Qb4 25.d6 Rad8 26.Re6 Qxb2 27.Rc2 Qb4 28.Rce2 Rd7 29.Ne5
Bxe5 30.R2xe5 Qf4 31.Re2 Rf6 32.Re8+ Kg7 33.R8e7+ Rf7 34.R2e6 Qxf2+ 35.Kh1
Rfxe7 36.Rxe7+ Rxe7 37.dxe7 Kf7 38.h3 Kxe7 39.Qb3 b5 40.Qg8 Qf7 41.Qb8 Qf1+
0-1

[Event "Cto Equipos Aragon 2012 Preferente A"]
[Site "Aragon"]
[Date "2012.03.03"]
[Round "5.40"]
[White "Requena Munguira Jorge"]
[Black "Minguez Guinda Andres"]
[Result "1-0"]
[WhiteElo "1960"]
[BlackElo "1923"]

1.d4 d5 2.c4 e6 3.Nc3 Nf6 4.Bg5 Be7 5.e3 Nbd7 6.Nf3 O-O 7.Bd3 c6 8.O-O dxc4 9.
Bxc4 Nd5 10.Bxe7 Qxe7 11.Qb3 Nxc3 12.Qxc3 b5 13.Bd3 Bb7 14.b4 f5 15.Rfe1 Rf6
16.Qb3 Kh8 17.e4 fxe4 18.Bxe4 Raf8 19.Rac1 Qd6 20.Qc3 Nb6 21.Qc5 Qf4 22.Qh5 g6
23.Qe5 Nc4 24.Qxf4 Rxf4 25.Bd3 Nb2 26.Bf1 R8f6 27.Rc2 Na4 28.Rd1 a6 29.Ne5 Rf8
30.g3 R4f6 31.Nd7 1-0

[Event "Cto Equipos Aragon 2012 Preferente A"]
[Site "Aragon"]
[Date "2012.03.03"]
[Round "5.41"]
[White "Sierra Aguerri Joaquin"]
[Black "Planas Torrea Francisco Javier"]
[Result "1/2-1/2"]
[WhiteElo "2086"]
[BlackElo "2007"]

1.e4 c6 2.Nf3 d5 3.exd5 cxd5 4.Ne5 Nc6 5.d4 e6 6.c3 Bd6 7.f4 Nge7 8.Bd3 O-O 9.
O-O f6 10.Qh5 Nf5 11.g4 fxe5 12.fxe5 g6 13.Qh3 Nxe5 14.dxe5 Bc5+ 15.Kh1 Ng7
16.Rxf8+ Qxf8 17.Be3 Bd7 18.Nd2 Bc6 19.Rf1 Qe7 20.Bd4 Rf8 21.Rxf8+ Qxf8 22.Qf3
Qe7 23.Nb3 Bb6 24.Kg1 Qg5 25.Kf1 Ba4 26.Bc5 Bxc5 27.Nxc5 Qc1+ 28.Kf2 Bd1 29.
Qf6 Qd2+ 30.Kf1 Bxg4 31.Qd8+ Kf7 32.Qf6+ Kg8 33.Qd8+ 1/2-1/2

[Event "Cto Equipos Aragon 2012 Preferente A"]
[Site "Aragon"]
[Date "2012.03.03"]
[Round "5.42"]
[White "Planas Torrea Alberto"]
[Black "Fernandez Rubio Rafael"]
[Result "0-1"]
[WhiteElo "1920"]
[BlackElo "2064"]

1.e4 d6 2.d4 Nf6 3.Nc3 Nbd7 4.Nge2 e5 5.g3 Be7 6.Bg2 O-O 7.O-O c6 8.a4 b6 9.h3
Bb7 10.g4 Qc7 11.Ng3 g6 12.Bh6 Rfd8 13.f4 exd4 14.Qxd4 d5 15.Qd2 dxe4 16.Ncxe4
Nc5 17.Qc3 Ncxe4 18.Nxe4 Ne8 19.f5 c5 20.fxg6 hxg6 21.Rae1 Rd4 22.Qf3 Bh4 23.
Nf6+ Nxf6 24.Qxb7 Qxb7 25.Bxb7 Rb8 26.Re2 Rxb7 27.b3 Re4 28.Rxe4 Nxe4 29.Rf4
Bg5 0-1

[Event "Cto Equipos Aragon 2012 Preferente A"]
[Site "Aragon"]
[Date "2012.03.03"]
[Round "5.43"]
[White "Sancho Casale Jesus"]
[Black "Marcellan Peire Jesus Eduardo"]
[Result "1-0"]
[WhiteElo "1912"]
[BlackElo "1865"]

1.e4 c5 2.c3 Nc6 3.d4 cxd4 4.cxd4 d6 5.Nc3 a6 6.Nf3 Bg4 7.Be2 Nf6 8.Be3 e6 9.
O-O Be7 10.d5 Bxf3 11.Bxf3 Ne5 12.dxe6 fxe6 13.Be2 O-O 14.Qb3 Qd7 15.f4 Nc6
16.Bb6 Kh8 17.Rad1 e5 18.f5 Bd8 19.Be3 b5 20.Bf3 Na5 21.Qc2 Rc8 22.Qd3 Nc4 23.
Bc1 Qa7+ 24.Kh1 b4 25.Nd5 Nxd5 26.Qxd5 Rc5 27.Qd3 Be7 28.b3 Nb6 29.Be3 Rc3 30.
Qd2 Rfc8 31.Qf2 R8c6 32.g4 Qc7 33.g5 Rc2 34.Qh4 Nd7 35.Bg4 Qd8 36.f6 Nxf6 37.
gxf6 Bxf6 38.Bg5 d5 39.Bxf6 Rxf6 40.Rxf6 gxf6 41.Bf5 Qg8 42.Qxf6+ 1-0

[Event "Cto Equipos Aragon 2012 Preferente A"]
[Site "Aragon"]
[Date "2012.03.03"]
[Round "5.45"]
[White "Malo Guillen Jose Luis"]
[Black "Campo Millan Diego"]
[Result "1-0"]
[WhiteElo "2189"]
[BlackElo "2091"]

1.d4 Nf6 2.c4 g6 3.Nc3 Bg7 4.e4 d6 5.f3 O-O 6.Be3 c6 7.Bd3 Nbd7 8.Nge2 a6 9.
O-O e5 10.d5 c5 11.a4 a5 12.Nb5 Ne8 13.g4 f5 14.gxf5 gxf5 15.exf5 Qh4 16.Qe1
Qh3 17.Qg3 Qh5 18.Qg4 Ndf6 19.Qg5 Kh8 20.Ng3 Qxg5 21.Bxg5 Ng8 22.Rae1 Bh6 23.
h4 Ra6 24.b3 Rf7 25.f4 Bg7 26.fxe5 Bxe5 27.Bf4 Bxf4 28.Rxe8 Bxg3 29.Rxc8 Bxh4
30.Nc7 Ra7 31.Ne6 Bf6 32.Kh1 b6 33.Be2 h5 34.Rg1 Bg7 35.Rg5 Rf6 36.Bxh5 Rh6
37.Kg2 Rd7 38.Rb8 Kh7 39.Bg6+ Kh8 40.Nd8 Bf6 41.Nf7+ Kg7 42.Rxg8+ Kxg8 43.
Nxh6+ Kg7 44.Rh5 1-0

[Event "Cto Equipos Aragon 2012 Preferente A"]
[Site "Aragon"]
[Date "2012.03.03"]
[Round "5.46"]
[White "Pes Mateo Angel"]
[Black "Alonso Blasco Jose Miguel"]
[Result "1/2-1/2"]
[WhiteElo "2069"]
[BlackElo "2119"]

1.d4 Nf6 2.Nf3 e6 3.Bg5 c5 4.e3 Qb6 5.Bxf6 Qxb2 6.Nbd2 gxf6 7.Rb1 Qxa2 8.Bc4
Qa5 9.d5 Bg7 10.O-O O-O 11.Ne4 f5 12.Ng3 Qd8 13.e4 fxe4 14.Nxe4 h6 15.Qe2 b6
16.Rfd1 Qc7 17.Qd3 Qf4 18.g3 Qg4 19.Nd6 Ba6 20.Bxa6 Nxa6 21.h3 Qh5 22.Qxa6
Qxf3 23.Rd3 Qe2 24.Qa4 Bd4 25.Rf1 exd5 26.Nf5 Qe6 27.Nxd4 cxd4 28.Rxd4 f5 29.
Rfd1 f4 30.Rxf4 Rxf4 31.Qxf4 Rf8 32.Qd4 Qxh3 33.Qxd5+ Qe6 34.Qxd7 Qxd7 35.Rxd7
Ra8 36.Rb7 a5 37.Rxb6 a4 38.Rb2 a3 39.Ra2 Kf7 40.Kf1 Ke6 41.Ke2 Kd5 42.Kd3 Kc5
43.Kc3 Rf8 44.Rxa3 Rxf2 45.Ra5+ Kb6 1/2-1/2

[Event "Cto Equipos Aragon 2012 Preferente A"]
[Site "Aragon"]
[Date "2012.03.03"]
[Round "5.47"]
[White "Mombiela De Sus Jose Luis"]
[Black "Andres Terrado Miguel Angel"]
[Result "0-1"]
[WhiteElo "2034"]
[BlackElo "2069"]

1.b4 d5 2.Bb2 Bf5 3.e3 e6 4.c4 Nf6 5.a3 Be7 6.Nf3 O-O 7.Be2 c6 8.O-O dxc4 9.
Bxc4 Bd3 10.Bxd3 Qxd3 11.Ne5 Qd6 12.f4 Nfd7 13.Qe2 Nxe5 14.fxe5 Qc7 15.d4 Nd7
16.Nc3 Nb6 17.Rf3 f5 18.exf6 Rxf6 19.Rxf6 Bxf6 20.Ne4 Nd5 21.Rc1 Qe7 22.Qd3
Rd8 23.Qb3 Bg5 24.Re1 Bh6 25.Nc5 Rf8 26.e4 Qf6 27.Qd1 Qf2+ 28.Kh1 Ne3 29.Rxe3
Qf1+ 0-1

[Event "Cto Equipos Aragon 2012 Preferente A"]
[Site "Aragon"]
[Date "2012.03.03"]
[Round "5.48"]
[White "Dominguez Luzon Fernando"]
[Black "Artal Alegria Francisco Javier"]
[Result "1-0"]
[WhiteElo "2004"]
[BlackElo "1957"]

1.d4 Nf6 2.Nf3 c5 3.d5 g6 4.c4 b5 5.Qc2 bxc4 6.e4 d6 7.Bxc4 Nbd7 8.Nc3 Bg7 9.
O-O O-O 10.h3 Nb6 11.Be2 Nfd7 12.Bf4 f5 13.exf5 Rxf5 14.Bg3 Nf6 15.Nh4 Nfxd5
16.Nxf5 Bxf5 17.Bd3 Be6 18.Nxd5 Nxd5 19.Bc4 Rb8 20.Qe4 Bf5 21.Qxd5+ Kh8 22.Bh4
Qd7 23.Rad1 Bd4 24.Qf7 1-0

[Event "Cto Equipos Aragon 2012 Preferente A"]
[Site "Aragon"]
[Date "2012.03.03"]
[Round "5.49"]
[White "Ferreruela Romero Jose Joaquin"]
[Black "Antonano Fedz-Quincoces Avelin"]
[Result "0-1"]
[WhiteElo "2020"]
[BlackElo "2127"]

1.d4 f5 2.Nc3 Nf6 3.Bg5 e6 4.e4 fxe4 5.Nxe4 Be7 6.Bxf6 Bxf6 7.Qh5+ g6 8.Qh6
Qe7 9.Nxf6+ Qxf6 10.Nf3 Nc6 11.Bd3 d6 12.h4 Bd7 13.c3 O-O-O 14.O-O-O Ne7 15.
Qg5 Qg7 16.Rde1 h6 17.Qg3 Rhf8 18.Re2 Rf6 19.Rhe1 Nd5 20.Bc4 Nf4 21.Re3 Rdf8
22.Qh2 Qf7 23.Nd2 Bc6 24.f3 d5 25.Bf1 g5 26.g3 Nh5 27.hxg5 hxg5 28.Rxe6 Rxe6
29.Rxe6 Qxe6 30.Qxh5 Qe1+ 31.Kc2 Qxg3 32.Qh6 Re8 33.Qh5 Ba4+ 34.b3 Bd7 35.a4
Qf4 36.Bh3 Bf5+ 37.Bxf5+ Qxf5+ 38.Kb2 Re2 39.Qh8+ Kd7 40.Qg7+ Re7 41.Qg8 b6
42.b4 Re2 43.Qg7+ Kc6 44.b5+ Kb7 45.a5 Rxd2+ 0-1

[Event "Cto Equipos Aragon 2012 Preferente A"]
[Site "Aragon"]
[Date "2012.03.03"]
[Round "5.51"]
[White "Belmonte Barragan Avelino"]
[Black "Juberias Segura Santiago"]
[Result "0-1"]
[WhiteElo "1799"]
[BlackElo "2045"]

1.e4 c5 2.Nc3 d6 3.g3 Nc6 4.Bg2 g6 5.d3 Bg7 6.f4 Nf6 7.Nf3 O-O 8.O-O Rb8 9.h3
b5 10.a3 a5 11.g4 b4 12.axb4 axb4 13.Ne2 Nd7 14.f5 Nde5 15.Nf4 Nxf3+ 16.Rxf3
Nd4 17.Rf1 e6 18.Ne2 exf5 19.exf5 gxf5 20.g5 Nxe2+ 21.Qxe2 Re8 22.Qh5 Qe7 23.
Bf4 Bxb2 24.Rfe1 Be5 25.Bc6 Rf8 26.Re2 Qc7 27.Bxe5 dxe5 28.Qh6 Be6 29.Bf3 Rb6
30.Qf6 e4 31.Bg2 Bc8 32.Qb2 Qg3 33.dxe4 fxe4 34.Rxe4 Bxh3 35.Re2 Rg6 36.Qe5
Rxg5 37.Qxg3 Rxg3 38.Ra5 Rxg2+ 39.Rxg2+ Bxg2 40.Kxg2 Rc8 41.Rb5 Kf8 42.Kf3 Ke7
43.Ke4 Rc7 44.Kf5 Kd6 45.Ke4 Kc6 46.Rb8 Rd7 47.Ke3 h5 48.Rh8 Rd5 49.Rh6+ Kb5
50.Rf6 Kc4 51.Rxf7 Kc3 52.Rf2 h4 53.Rh2 Rh5 54.Kf4 c4 55.Ke4 h3 56.Kf4 b3 57.
cxb3 cxb3 0-1

[Event "Cto Equipos Aragon 2012 Preferente A"]
[Site "Aragon"]
[Date "2012.03.03"]
[Round "5.52"]
[White "Najera De Miguel Pedro Jesus"]
[Black "Esteban Marin Francisco"]
[Result "1-0"]
[WhiteElo "1988"]
[BlackElo "1635"]

1.c4 g6 2.g3 Bg7 3.Bg2 d6 4.Nc3 Nf6 5.d3 O-O 6.Bg5 Nbd7 7.Qd2 a6 8.e4 Rb8 9.a4
Nc5 10.Qc2 Ncd7 11.Nge2 c5 12.O-O h6 13.Bd2 Ng4 14.h3 Ngf6 15.d4 cxd4 16.Nxd4
Ne5 17.b3 Nc6 18.Be3 Bd7 19.Rab1 Qc8 20.Nxc6 bxc6 21.Kh2 c5 22.Rfd1 Bc6 23.Nd5
Nxd5 24.exd5 Bd7 25.h4 Bg4 26.Re1 Re8 27.Be4 Rb7 28.f3 Bh5 29.g4 Bxg4 30.fxg4
Qxg4 31.Qg2 Qxh4+ 32.Kg1 h5 33.Bg5 Qg4 34.Qxg4 hxg4 35.Bc2 f5 36.Re6 Kf7 37.
Kg2 Be5 38.Rh1 Rg8 39.Rh6 Rd7 40.Rh7+ Rg7 41.Rh8 a5 42.Bh6 Rg8 43.Rxg8 Kxg8
44.Rxg6+ Kf7 45.Bxf5 Rb7 46.Bc2 Rxb3 47.Bxb3 Kxg6 48.Bd2 Kf7 49.Bd1 g3 50.Bg4
Ke8 51.Bxa5 1-0

[Event "Cto Equipos Aragon 2012 Preferente B"]
[Site "Aragon"]
[Date "2012.03.03"]
[Round "5.53"]
[White "Argueso Pascual Jorge"]
[Black "Salamero Pelay Fernando"]
[Result "0-1"]
[WhiteElo "1998"]
[BlackElo "2123"]

1.d4 d5 2.Nf3 Nc6 3.Bf4 Bg4 4.Nbd2 e6 5.e3 Bd6 6.Bxd6 cxd6 7.c4 dxc4 8.Bxc4
Nge7 9.O-O O-O 10.Rc1 d5 11.Bd3 f5 12.Qa4 Qd6 13.a3 Kh8 14.b4 a6 15.Rc3 f4 16.
Qc2 fxe3 17.fxe3 e5 18.dxe5 Nxe5 19.Nxe5 Qxe5 20.e4 dxe4 21.Bxe4 Qd4+ 22.Kh1
Qxd2 23.Rc8 Raxc8 0-1

[Event "Cto Equipos Aragon 2012 Preferente B"]
[Site "Aragon"]
[Date "2012.03.03"]
[Round "5.54"]
[White "Gella Lopez Angel"]
[Black "Ruiz Gutierrez Jose Manuel"]
[Result "1-0"]
[WhiteElo "2080"]
[BlackElo "1863"]

1.Nf3 g6 2.c4 Bg7 3.d4 Nf6 4.Nc3 O-O 5.e4 d6 6.Be2 Bg4 7.O-O Nc6 8.d5 Bxf3 9.
Bxf3 Ne5 10.Be2 a5 11.f4 Ned7 12.Be3 c5 13.dxc6 bxc6 14.Bf3 Rb8 15.Qe2 Qc7 16.
Rfd1 Rfe8 17.Rac1 h5 18.h3 Rb4 19.b3 Kh7 20.g4 hxg4 21.hxg4 Rh8 22.g5 Ne8 23.
Bg4 Nc5 24.e5 Ne6 25.Bxe6 fxe6 26.Qg4 Qc8 27.Na4 c5 28.Bd2 Rb8 29.Bxa5 Kg8 30.
Nb6 Rxb6 31.Bxb6 Kf7 32.Qg2 Qa6 33.Bd8 Qc8 34.Ba5 dxe5 35.fxe5 Bxe5 36.Qf3+
Kg7 37.Rd8 Qa6 38.Rf1 1-0

[Event "Cto Equipos Aragon 2012 Preferente B"]
[Site "Aragon"]
[Date "2012.03.03"]
[Round "5.55"]
[White "Argueso Palomino Manuel"]
[Black "Bellosta Lopez Pablo"]
[Result "0-1"]
[WhiteElo "1800"]
[BlackElo "2042"]

1.d4 d5 2.Nf3 c6 3.e3 Bf5 4.Bd3 e6 5.O-O Nf6 6.Nbd2 Ne4 7.Qe2 Bd6 8.c4 Nd7 9.
c5 Bc7 10.Ne1 Qh4 11.g3 Qh3 12.Bxe4 dxe4 13.Ng2 h5 14.Nf4 Bxf4 15.exf4 h4 16.
Nc4 Bg4 17.Nd6+ Kf8 18.Qxe4 hxg3 19.Qg2 gxh2+ 0-1

[Event "Cto Equipos Aragon 2012 Preferente B"]
[Site "Aragon"]
[Date "2012.03.03"]
[Round "5.56"]
[White "Laplaza Ara Carlos"]
[Black "Martinez Martinez Pedro Jose"]
[Result "1-0"]
[WhiteElo "2011"]
[BlackElo "1797"]

1.d4 e6 2.Nf3 Nf6 3.c3 b6 4.g3 Bb7 5.Bg2 c5 6.O-O Nc6 7.Bg5 Be7 8.Ne5 d5 9.
Nxc6 Bxc6 10.Nd2 O-O 11.Re1 Ne4 12.Bxe7 Qxe7 13.f3 Nxd2 14.Qxd2 cxd4 15.cxd4
Rac8 16.Rac1 Bb7 17.e3 Ba6 18.f4 f5 19.h4 Qd7 20.Rxc8 Rxc8 21.Rc1 Bb5 22.Rc3
Rc6 23.Qc2 Qc7 24.Rxc6 Qxc6 25.Qxc6 Bxc6 26.Bf1 Kf7 27.Kf2 Kf6 28.Ke1 h6 29.
Kd2 g5 30.fxg5+ hxg5 31.Ke1 gxh4 32.gxh4 Kg6 33.Kf2 Be8 34.Kg3 Kf6 35.Kf4 Bh5
36.Bg2 b5 37.b4 Bf7 38.Bf1 a6 39.Be2 Bg6 40.Bd1 Be8 41.h5 Bd7 42.a3 Be8 43.h6
Bg6 44.a4 Bh5 45.Bxh5 bxa4 46.Bd1 a3 47.Bb3 1-0

[Event "Cto Equipos Aragon 2012 Preferente B"]
[Site "Aragon"]
[Date "2012.03.03"]
[Round "5.58"]
[White "Puertolas Serena Arturo"]
[Black "Carruez Berges Santiago"]
[Result "1/2-1/2"]
[WhiteElo "1941"]
[BlackElo "2117"]

1.e4 e5 2.Nf3 Nc6 3.d4 exd4 4.c3 d5 5.exd5 Qxd5 6.cxd4 Bg4 7.Be2 O-O-O 8.Nc3
Bb4 9.O-O Qa5 10.Be3 Nf6 11.Qb3 Be6 12.Bc4 Bxc4 13.Qxc4 Bxc3 14.bxc3 Nd5 15.
Bd2 Rd7 16.Rab1 Nb6 17.Qb3 Qd5 18.Rfe1 f6 19.Re2 Na5 20.Qc2 h6 21.Rbe1 Rhd8
22.Re7 Qd6 23.Qf5 Nd5 24.Rxg7 Nc4 25.Rxd7 Qxd7 26.Qxd7+ Kxd7 27.Rc1 h5 28.Kf1
Re8 29.g3 Re6 30.Bh6 Ra6 31.Rc2 Ra3 32.Nd2 Nxd2+ 33.Bxd2 b5 34.Ke2 Ke6 35.Kd1
Nb6 36.Bc1 Ra4 37.Ke2 Nc4 38.Kd3 Kd5 39.h3 Ra6 40.Re2 Nd6 41.Bf4 Ra3 42.Bxd6
cxd6 43.Rb2 a6 44.g4 hxg4 45.hxg4 Ke6 46.f4 d5 47.Re2+ Kf7 1/2-1/2

[Event "Cto Equipos Aragon 2012 Preferente B"]
[Site "Aragon"]
[Date "2012.03.03"]
[Round "5.59"]
[White "Martinez Asensio Juan Miguel"]
[Black "Puig-Pey Pale Jaime"]
[Result "1-0"]
[WhiteElo "2116"]
[BlackElo "1775"]

1.c4 Nf6 2.g3 e5 3.Bg2 d6 4.Nc3 Be7 5.Nf3 O-O 6.O-O Nbd7 7.d4 exd4 8.Nxd4 Nc5
9.b4 Ne6 10.Nf5 Rb8 11.Bb2 a6 12.Nd5 Nxd5 13.cxd5 Ng5 14.Nxg7 Bf6 15.Bxf6 Qxf6
16.Nh5 Qh6 17.Nf4 Re8 18.Rc1 Re7 19.Rc4 Nh3+ 20.Nxh3 Bxh3 21.Rh4 1-0

[Event "Cto Equipos Aragon 2012 Preferente B"]
[Site "Aragon"]
[Date "2012.03.03"]
[Round "5.60"]
[White "Palacian Campodarve Javier"]
[Black "Martinez Crespo Juan"]
[Result "0-1"]
[WhiteElo "1734"]
[BlackElo "1867"]

1.d4 Nf6 2.c4 e6 3.Nf3 d5 4.g3 Be7 5.Bg2 O-O 6.O-O dxc4 7.Qa4 a6 8.Nc3 b5 9.
Qc2 Bb7 10.a4 b4 11.Nd1 Bd5 12.Ne3 b3 13.Qd1 Nc6 14.Nxd5 exd5 15.Ne5 Nxe5 16.
dxe5 Ne8 17.Be3 c6 18.Qd2 Qd7 19.Rfd1 Qf5 20.Bd4 Nc7 21.Bc3 Rfd8 0-1

[Event "Cto Equipos Aragon 2012 Preferente B"]
[Site "Aragon"]
[Date "2012.03.03"]
[Round "5.61"]
[White "Maza Broto Pablo"]
[Black "Hinojar Basa Alfonso"]
[Result "1/2-1/2"]
[WhiteElo "2084"]
[BlackElo "2194"]

1.d4 Nf6 2.Nf3 e6 3.c4 d5 4.g3 Be7 5.Bg2 O-O 6.O-O dxc4 7.Na3 Bxa3 8.bxa3 Nd5
9.e4 Nb6 10.Be3 Nc6 11.Qc1 Qe7 12.Rd1 Rd8 13.e5 Qf8 14.Ng5 h6 15.Ne4 Nd5 16.
Qxc4 Nxe3 17.fxe3 Qxa3 18.Rd3 Nxe5 19.Rxa3 Nxc4 20.Rc3 Nb6 21.Nc5 c6 22.Rb3
Nd5 23.Bxd5 cxd5 24.Nxb7 Bxb7 25.Rxb7 Rdb8 26.Rab1 Rxb7 27.Rxb7 a5 28.a4 g5
29.h3 h5 30.Rb5 Kg7 31.g4 hxg4 32.hxg4 Ra6 33.Kf2 Kg6 34.Kf3 Ra7 35.Rb8 f5 36.
Rg8+ Kf6 37.Rf8+ Kg6 38.Rg8+ Kf6 39.Rf8+ Kg7 40.Re8 Kf7 41.Rh8 Kg7 42.Re8
1/2-1/2

[Event "Cto Equipos Aragon 2012 Preferente B"]
[Site "Aragon"]
[Date "2012.03.03"]
[Round "5.62"]
[White "Portero Garnica Miguel Angel"]
[Black "Rodriguez Leiva Manuel"]
[Result "0-1"]
[WhiteElo "2115"]
[BlackElo "2046"]

1.e4 e6 2.d4 d5 3.e5 c5 4.Nf3 Nc6 5.Bd3 cxd4 6.O-O Nge7 7.Bf4 Ng6 8.Bg3 Qb6 9.
Nbd2 Qxb2 10.Nb3 Bd7 11.h4 a5 12.h5 Nge7 13.a4 Qc3 14.Bf4 Nb4 15.Nfxd4 Qc7 16.
Bb5 Nec6 17.c3 Nxd4 18.Bxd7+ Qxd7 19.Nxd4 Na6 20.Nb5 Rc8 21.Be3 Nc5 22.Qg4 Ne4
23.Bd4 Rc4 24.f4 f5 25.Qd1 Be7 26.Rf3 Rg8 27.Rh3 Bf8 28.Ra2 g5 29.hxg6 hxg6
30.Kh2 Nc5 31.Bxc5 Bxc5 32.Qf1 Qg7 33.g3 g5 34.Nd4 Bxd4 35.cxd4 g4 36.Rh4 Rh8
37.Rxh8+ Qxh8+ 38.Kg1 Qf8 39.Rb2 Qa3 40.Qf2 Rc1+ 41.Kg2 Qxa4 42.Qd2 Qc4 43.Qf2
b5 44.Re2 a4 45.Re1 Rc2 0-1

[Event "Cto Equipos Aragon 2012 Preferente B"]
[Site "Aragon"]
[Date "2012.03.03"]
[Round "5.63"]
[White "Salas Latorre Jose"]
[Black "Sancho Cortes Miguel Angel"]
[Result "0-1"]
[WhiteElo "1783"]
[BlackElo "2094"]

1.d4 Nf6 2.Bg5 g6 3.Bxf6 exf6 4.c4 d5 5.e3 c6 6.Nc3 Qb6 7.Qc1 dxc4 8.Bxc4 Be6
9.Be2 Nd7 10.Nf3 Be7 11.O-O f5 12.Ne1 f4 13.Nd3 fxe3 14.fxe3 Nf6 15.Nf4 Bf5
16.Bd3 Bxd3 17.Nxd3 O-O 18.Ne5 Rad8 19.Rf3 Nd5 20.Nxd5 Rxd5 21.Nd3 Bd6 22.Qf1
c5 23.Nxc5 Bxc5 24.dxc5 Rxc5 25.Rc1 Ra5 26.a3 Rc5 27.Rxc5 Qxc5 28.g3 Qe5 29.
Qf2 Rd8 30.Qc2 Qh5 31.Kg2 Qa5 32.Rf2 Qd5+ 33.Kg1 Qe6 34.Re2 Rc8 35.Qd2 Qe4 36.
Rf2 Re8 37.Re2 Re5 38.Re1 Rd5 39.Qf2 Rc5 40.Rf1 Rf5 41.Qe2 Rxf1+ 42.Qxf1 Qxe3+
43.Kg2 Qd2+ 44.Kg1 Qxb2 45.Qd3 Qb6+ 46.Kg2 Kg7 47.Qc3+ Qf6 48.Qd3 a6 49.Qb3 b5
50.Qb4 Qc6+ 51.Kg1 Qb6+ 52.Kg2 h6 53.Qb2+ Qf6 54.Qb4 g5 55.Qb3 h5 56.Qd3 g4
57.Qc2 Qf3+ 58.Kg1 Qxa3 59.Qd2 Qc5+ 60.Kg2 b4 61.Qb2+ Qc3 62.Qa2 b3 63.Qa3
Qc2+ 0-1

[Event "Cto Equipos Aragon 2012 Preferente B"]
[Site "Aragon"]
[Date "2012.03.03"]
[Round "5.64"]
[White "Ruiperez Gumiel Ramon"]
[Black "Olivan Alvira Alejandro"]
[Result "1-0"]
[WhiteElo "1947"]
[BlackElo "1569"]

1.e4 d5 2.e5 c5 3.b4 e6 4.bxc5 Bxc5 5.d4 Be7 6.c3 a6 7.Nf3 Bd7 8.a4 b6 9.Bd3
f6 10.O-O Bc6 11.Re1 f5 12.Ba3 Nh6 13.Bxe7 Qxe7 14.Nbd2 O-O 15.c4 Qd8 16.cxd5
Bxd5 17.Bc4 Nc6 18.Bxd5 Qxd5 19.Qb3 Rfd8 20.Qxd5 Rxd5 21.Nc4 Rb8 22.Ne3 Rd7
23.Red1 Rbd8 24.d5 exd5 25.Rac1 Ne7 26.Nd4 f4 27.Nec2 Rc8 28.Nb4 Rc4 29.Nxd5
Rxc1 30.Nxe7+ Rxe7 31.Rxc1 Rxe5 32.Kf1 Re8 33.Rc7 Nf7 34.Rb7 b5 35.axb5 axb5
36.Nxb5 h6 37.Rxf7 Kxf7 38.Nd6+ Kf8 39.Nxe8 Kxe8 40.Ke2 Ke7 41.Kf3 g5 42.Kg4
Kf6 43.h4 gxh4 44.Kxf4 1-0

[Event "Cto Equipos Aragon 2012 Preferente B"]
[Site "Aragon"]
[Date "2012.03.03"]
[Round "5.65"]
[White "Cebrian Valverde Jose Antonio"]
[Black "Correas Marcen Jose Maria"]
[Result "0-1"]
[WhiteElo "2142"]
[BlackElo "1994"]

1.d4 g6 2.c4 Bg7 3.Nc3 c5 4.d5 Bxc3+ 5.bxc3 f5 6.g4 fxg4 7.h3 Qa5 8.Qd3 d6 9.
hxg4 Bxg4 10.f3 Bd7 11.Nh3 Na6 12.Nf4 Nf6 13.Nxg6 Rg8 14.Nf4 O-O-O 15.Bd2 Nc7
16.Bh3 Bxh3 17.Nxh3 Kb8 18.Ng5 Rg7 19.Kf2 Rdg8 20.Nxh7 Rg2+ 21.Ke3 Nd7 22.Rh5
Ne5 23.Rxe5 dxe5 24.Rh1 Qxa2 25.Rh5 e4 26.Qxe4 Rxe2+ 27.Kxe2 Rg2+ 28.Kf1 Qxd2
0-1

[Event "Cto Equipos Aragon 2012 Preferente B"]
[Site "Aragon"]
[Date "2012.03.03"]
[Round "5.67"]
[White "Gutierrez Mingueza Ruben"]
[Black "Gimeno Garcia David"]
[Result "1/2-1/2"]
[WhiteElo "2074"]
[BlackElo "1948"]

1.d4 Nf6 2.c4 e5 3.dxe5 Ng4 4.Nf3 Bc5 5.e3 Nc6 6.Be2 Ngxe5 7.O-O O-O 8.Nc3 Re8
9.b3 d6 10.Bb2 Bf5 11.Nd5 Nxf3+ 12.Bxf3 Ne5 13.Nf4 c6 14.a3 Qb6 15.b4 Nxc4 16.
Bc1 Bxe3 17.fxe3 Nxe3 18.Bxe3 Qxe3+ 19.Kh1 Qxf4 20.Bxc6 Qe5 21.Bxe8 Rxe8 22.
Qf3 g6 23.Qxb7 Re7 24.Qb8+ Kg7 25.Rad1 Qe2 26.Rg1 d5 27.Rxd5 Be4 28.Rg5 h6 29.
Rg3 h5 30.Qf4 Bb7 31.Qd4+ Kh7 32.a4 a6 33.Qd3 Qe5 34.b5 axb5 35.Qxb5 Qe4 36.
Qg5 Re5 37.Qc1 Qxa4 38.Qb2 Rb5 39.Qa3 Qe4 40.Qd3 1/2-1/2

[Event "Cto Equipos Aragon 2012 Preferente B"]
[Site "Aragon"]
[Date "2012.03.03"]
[Round "5.68"]
[White "Labrador Postigo Francisco M"]
[Black "Rubio Tello Abel"]
[Result "0-1"]
[WhiteElo "1896"]
[BlackElo "1853"]

1.d4 Nf6 2.c4 c5 3.Nf3 cxd4 4.Nxd4 e5 5.Nc2 d5 6.Bg5 d4 7.e3 Nc6 8.a3 Be7 9.
Be2 Bf5 10.O-O d3 11.Ne1 dxe2 12.Qxe2 O-O 13.Nc3 Ne4 14.Nxe4 Bxe4 15.Rd1 Qc7
16.f4 Bxg5 17.fxg5 Rad8 18.Rxd8 Nxd8 19.b3 Qd7 20.h4 b6 21.h5 Qe6 22.Kh2 Nb7
23.h6 f5 24.hxg7 Kxg7 25.Rh1 Qg6 26.Qb2 Re8 27.Qd2 Rd8 28.Qb2 Qd6 0-1

[Event "Cto Equipos Aragon 2012 Preferente B"]
[Site "Aragon"]
[Date "2012.03.03"]
[Round "5.69"]
[White "Landa Garriga Francisco Javier"]
[Black "Garcia Andres Daniel"]
[Result "0-1"]
[WhiteElo "1986"]
[BlackElo "2008"]

1.e4 e5 2.Nf3 Nc6 3.Bb5 a6 4.Ba4 Nf6 5.O-O Nxe4 6.Qe2 Nc5 7.Bxc6 dxc6 8.d4 Ne6
9.dxe5 Bc5 10.Rd1 Qe7 11.Nc3 O-O 12.Ne4 Ba7 13.Be3 h6 14.h4 Re8 15.Bxh6 gxh6
16.Nf6+ Kg7 17.Nh5+ Kh8 18.Nf6 Rg8 19.h5 Rxg2+ 20.Kh1 Rxf2 21.Qd3 Nf8 22.Rg1
Qxf6 23.exf6 Be6 24.Rg7 Rxf3 25.Qd2 Be3 26.Qg2 Bg5 27.Rxg5 Nh7 28.Qxf3 Nxg5
29.Qf4 Bd5+ 30.Kg1 Nh3+ 0-1